| 000 -LEADER | |
|---|---|
| fixed length control field | 00454nam a22001817a 4500 |
| 005 - DATE AND TIME OF LATEST TRANSACTION | |
| control field | 20230110142905.0 |
| 008 - FIXED-LENGTH DATA ELEMENTS--GENERAL INFORMATION | |
| fixed length control field | 221217b |||||||| |||| 00| 0 eng d |
| 020 ## - INTERNATIONAL STANDARD BOOK NUMBER | |
| ISBN | 978-81-312-61118-7 |
| 041 ## - LANGUAGE CODE | |
| Language code of text/sound track or separate title | eng |
| 082 ## - DEWEY DECIMAL CLASSIFICATION NUMBER | |
| Classification number | 615.3 EVA--T |
| 100 ## - MAIN ENTRY--AUTHOR NAME | |
| Personal name | EVANS , WILLIAM C. |
| 245 ## - TITLE STATEMENT | |
| Title | TREASE AND EVANS PHARMACOGNOSY |
| 250 ## - EDITION STATEMENT | |
| Edition statement | 16th ed. |
| 260 ## - PUBLICATION, DISTRIBUTION, ETC. (IMPRINT) | |
| Name of publisher | ELSEVIER |
| Year of publication | 2021;P. |
| 300 ## - PHYSICAL DESCRIPTION | |
| Number of Pages | 603;P. |
| 650 ## - SUBJECT ADDED ENTRY--TOPICAL TERM | |
| Topical Term | PHARMACY |
| General subdivision | B.PHARMA |
| 942 ## - ADDED ENTRY ELEMENTS (KOHA) | |
| Koha item type | Books |
| Lost status | Damaged status | Collection code | Home library | Current library | Shelving location | Date acquired | Source of acquisition | Full call number | Accession Number | Koha item type |
|---|---|---|---|---|---|---|---|---|---|---|
| PHARMACY | JRU Library | JRU Library | Shelf - 25- A | 20/10/2022 | LOHIA BOOK INTERNATIONAL | 615.3-EVA--T | 27017 | Books | ||
| PHARMACY | JRU Library | JRU Library | SHELF-17-A | 20/10/2022 | LOHIA BOOK INTERNATIONAL | 615.3-EVA--T | 27018 | Books |